Statistics for Austin City Limits Music Festival Headliners

Click here to take the quiz!

General Stats

  • This quiz has been taken 3 times
  • The average score is 38 of 116

Answer Stats

HintAnswer% Correct
2014Eminem
100%
2008 | 2015 | 2023Foo Fighters
100%
2017Jay-Z
100%
2011Kanye West
100%
2007 | 2011Arcade Fire
67%
2018Arctic Monkeys
67%
2012Avicii
67%
2008 | 2014Beck
67%
2021Billie Eilish
67%
2014Calvin Harris
67%
2019Cardi B
67%
2019Childish Gambino
67%
2005 | 2011Coldplay
67%
2017Gorillaz
67%
2019Guns N Roses
67%
2012Jack White
67%
2016 | 2023Kendrick Lamar
67%
2018Metallica
67%
2009 | 2014Pearl Jam
67%
2012The Black Keys
67%
2013 | 2019The Cure
67%
2015The Weeknd
67%
2021Tyler, The Creator
67%
2007Bjork
33%
2006 | 2007Bob Dylan
33%
2017Chance the Rapper
33%
2009Dave Matthews Band
33%
2013Depeche Mode
33%
2015Disclosure
33%
2015Drake
33%
2022Flume
33%
2009 | 2013Kings of Leon
33%
2016LCD Soundsystem
33%
2016Major Lazer
33%
2008 | 2011Manu Chao
33%
2006Massive Attack
33%
2010M.I.A
33%
2021Miley Cyrus
33%
2016 | 2019 | 2023Mumford and Sons
33%
2007 | 2010 | 2013Muse
33%
2011My Morning Jacket
33%
2005Oasis
33%
2014OutKast
33%
2022Paramore
33%
2018Paul McCartney
33%
2022P!nk
33%
2016Radiohead
33%
2012 | 2017 | 2022Red Hot Chili Peppers
33%
2014Skrillex
33%
2022SZA
33%
2019Tame Impala
33%
2023The 1975
33%
2010The Eagles
33%
2007 | 2017The Killers
33%
2010 | 2015The Strokes
33%
2009The Yeah Yeah Yeahs
33%
2018Travis Scott
33%
2006Van Morrison
33%
2007Wilco
33%
2023Alanis Morisette
0%
2013Atoms For Peace
0%
2006 | 2009Ben Harper
0%
2008David Byrne
0%
2015Deadmaus5
0%
2021Duran Duran
0%
2015Florence + The Machine
0%
2021George Strait
0%
2009Ghostland Observatory
0%
2023Hozier
0%
2012Iggy Pop and the Stooges
0%
2006John Mayer
0%
2018Justice
0%
2022Kacey Musgraves
0%
2016Kygo
0%
2022Lil Nas X
0%
2013Lionel Richie
0%
2005Lyle Lovett and His Large Band
0%
2017Martin Garrix
0%
2012Neil Young and Crazy Horse
0%
2023Odesza
0%
2018ODESZA
0%
2010Phish
0%
2008Robert Plant and Alison Krauss
0%
2019Robyn
0%
2005Roky Erickson and The Explosives
0%
2021Rufus Del Sol
0%
2023Shania Twain
0%
2011Stevie Wonder
0%
2005The Allman Brothers Band
0%
2005The Black Crowes
0%
2022The Chicks
0%
2010The Flaming Lips
0%
2023The Lumineers
0%
2008The Mars Volta
0%
2018The National
0%
2006Tom Petty
0%

Score Distribution

Percentile by Number Answered

Percent of People with Each Score

Your Score History

You have not taken this quiz